<?xml version="1.0" encoding="UTF-8"?><?xml-stylesheet type="text/xsl" href="static/style.xsl"?><OAI-PMH xmlns="http://www.openarchives.org/OAI/2.0/" xmlns:xsi="http://www.w3.org/2001/XMLSchema-instance" xsi:schemaLocation="http://www.openarchives.org/OAI/2.0/ http://www.openarchives.org/OAI/2.0/OAI-PMH.xsd"><responseDate>2026-06-30T04:56:53Z</responseDate><request verb="GetRecord" identifier="oai:riubu.ubu.es:10259/11860" metadataPrefix="marc">https://riubu.ubu.es/oai/request</request><GetRecord><record><header><identifier>oai:riubu.ubu.es:10259/11860</identifier><datestamp>2026-06-19T05:15:47Z</datestamp><setSpec>com_10259_3847</setSpec><setSpec>com_10259_5086</setSpec><setSpec>com_10259_2604</setSpec><setSpec>com_10259_8983</setSpec><setSpec>col_10259_3848</setSpec><setSpec>col_10259_8984</setSpec></header><metadata><record xmlns="http://www.loc.gov/MARC21/slim" xmlns:doc="http://www.lyncode.com/xoai" xmlns:xsi="http://www.w3.org/2001/XMLSchema-instance" xmlns:dcterms="http://purl.org/dc/terms/" xsi:schemaLocation="http://www.loc.gov/MARC21/slim http://www.loc.gov/standards/marcxml/schema/MARC21slim.xsd">
<leader>00925njm 22002777a 4500</leader>
<datafield tag="042" ind1=" " ind2=" ">
<subfield code="a">dc</subfield>
</datafield>
<datafield tag="720" ind1=" " ind2=" ">
<subfield code="a">Martin Reizabal, Sergio</subfield>
<subfield code="e">author</subfield>
</datafield>
<datafield tag="720" ind1=" " ind2=" ">
<subfield code="a">Caballero Quiroga, Adrian</subfield>
<subfield code="e">author</subfield>
</datafield>
<datafield tag="720" ind1=" " ind2=" ">
<subfield code="a">Gil Arroyo, Beatriz</subfield>
<subfield code="e">author</subfield>
</datafield>
<datafield tag="720" ind1=" " ind2=" ">
<subfield code="a">Basurto Hornillos, Nuño</subfield>
<subfield code="e">author</subfield>
</datafield>
<datafield tag="720" ind1=" " ind2=" ">
<subfield code="a">Ruiz González, Rubén</subfield>
<subfield code="e">author</subfield>
</datafield>
<datafield tag="260" ind1=" " ind2=" ">
<subfield code="c">2026-03</subfield>
</datafield>
<datafield tag="520" ind1=" " ind2=" ">
<subfield code="a">The explosive growth of the IoT has led to an increasingly complex and heterogeneous network traffic, posing major challenges for intrusion detection. Most existing machine learning and deep learning approaches model network traffic at the level of individual flows, which limits their ability to capture contextual relationships among concurrent communications. This paper introduces a Transformer-based framework for IoT intrusion detection that aggregates network flows into fixed-duration windows and treats each flow as a token within the input sequence. The self-attention mechanism captures contextual relationships among concurrent flows, enabling effective modeling of temporal dependencies without recurrence. Experiments conducted on the CICIoT2023 dataset show that the proposed model achieves a weighted F1-score of 97.9% and a macro ROC–AUC of 99.6% under temporally blocked cross-validation, while maintaining high computational efficiency. These results demonstrate that flow-to-window aggregation combined with self-attention provides a robust and scalable foundation for IoT network security, suitable for deployment in edge and smart-home environments.</subfield>
</datafield>
<datafield tag="024" ind2=" " ind1="8">
<subfield code="a">2542-6605</subfield>
</datafield>
<datafield tag="024" ind2=" " ind1="8">
<subfield code="a">https://hdl.handle.net/10259/11860</subfield>
</datafield>
<datafield tag="024" ind2=" " ind1="8">
<subfield code="a">10.1016/j.iot.2026.101879</subfield>
</datafield>
<datafield ind1=" " ind2=" " tag="653">
<subfield code="a">Internet of things (IoT)</subfield>
</datafield>
<datafield ind1=" " ind2=" " tag="653">
<subfield code="a">Network traffic classification</subfield>
</datafield>
<datafield ind1=" " ind2=" " tag="653">
<subfield code="a">Intrusion detection system (IDS)</subfield>
</datafield>
<datafield ind1=" " ind2=" " tag="653">
<subfield code="a">Transformer</subfield>
</datafield>
<datafield ind1=" " ind2=" " tag="653">
<subfield code="a">Self-attention</subfield>
</datafield>
<datafield ind1=" " ind2=" " tag="653">
<subfield code="a">Deep learning</subfield>
</datafield>
<datafield tag="245" ind1="0" ind2="0">
<subfield code="a">Transformer-based classification of IoT network traffic with flow-to-window aggregation</subfield>
</datafield>
</record></metadata></record></GetRecord></OAI-PMH>